000 00238 a2200109 4500
245 _aIzaga
_hText
020 _a0869222546
100 _aMaqhu Nyamambi
100 _aDladlazela Phambilizwe
650 _andebele literature
005 20191017173846.0
084 _aNONE
999 _c10831
_d10831